| 000 | 01051cam a2200313 a 4500 | ||
|---|---|---|---|
| 001 | 16042807 | ||
| 003 | OSt | ||
| 005 | 20140310181655.0 | ||
| 008 | 100106s2001 nyua j 000 1 eng | ||
| 010 | _a 2009289576 | ||
| 020 | _a0439204224 (pbk) | ||
| 040 |
_aDLC _cDLC |
||
| 050 | 0 | 0 |
_aPZ 7 _b.St783 2001 |
| 082 | 0 | 0 |
_aKF _bSt2p 2001 |
| 100 | 1 |
_aStamper, Judith Bauer. _95076 |
|
| 245 | 1 | 0 |
_aPenguin puzzle / _cJudith Stamper. |
| 260 |
_aNew York : _bScholastic, _cc2001. |
||
| 300 |
_a87 p. : _bill. ; _c20 cm. |
||
| 490 | 0 | _aThe magic school bus, a science chapter book | |
| 541 | _j1 | ||
| 562 | _efor circulation. 1 copy available in the collection | ||
| 650 |
_aScinece _xfiction _95078 |
||
| 700 | 1 |
_aEnik, Ted, _eill. _95079 |
|
| 700 | 1 |
_aCole, Joanna. _94006 |
|
| 700 | 1 |
_aDegen, Bruce. _95081 |
|
| 906 |
_a7 _bcbc _corignew _d2 _encip _f20 _gy-gencatlg |
||
| 942 |
_2lcc _cBK-KF _kKF |
||
| 999 |
_c1081 _d1081 |
||